Die Bedeutung des Alkoholismus für die Jugendkriminalität Význam alkoholizmu pre kriminalitu mládeže

Bibliographic Details
Main Author: Rotter, Hans (Author)
Format: Article
Language:Slovak

MARC

LEADER 00000nab a2200000ua 4500
001 vtls010821563
003 SK-MaSNL
005 20260303103402.0
008 230121s1966 xo |||||||||||||||||slo|
035 |a (urnnbn)urn:nbn:sk:snk:ar-a05z0y 
035 |a urn:nbn:sk:snk-ab5oqy 
035 |a (uuid)5c125e0d-51de-442d-8aa1-97e197d2ad7d 
040 |a SNKBUCL  |b slo  |c SNKBUCL  |e AACR2 
041 0 |a slo 
044 |a xo  |c SK 
100 1 |a Rotter, Hans  |4 aut  |9 1117140 
245 1 4 |a Die Bedeutung des Alkoholismus für die Jugendkriminalität  |b Význam alkoholizmu pre kriminalitu mládeže  |c Hans Rotter 
773 0 |t Protialkoholický obzor  |g Roč. 1, č. 1 (1966), s. 21-22 
954 |a odborná, vedecká literatúra pôvodná (slovenská)  |2 lita 
958 |a OND 
958 |a EUIPO 
958 |a article5 
999 |c 1849334  |d 1851264